| Tag |
First Indicator |
Second Indicator |
Subfields |
| LEADER |
00000cam a2200000 a 4500 |
| 001 |
in00000020793 |
| 005 |
20151007055458.0 |
| 007 |
he bmb||||||| |
| 008 |
880627r19881986orua bb 00010 eng d |
| 035 |
|
|
|a (OCoLC)18139670
|
| 035 |
|
|
|9 AAB8358AM
|
| 040 |
|
|
|a ORU
|c MUU
|d MUU
|d HPE
|d TXA
|d UtOrBLW
|
| 049 |
|
|
|a TXAI
|
| 099 |
|
|
|a fiche
|a C
|a 10679
|
| 100 |
1 |
|
|a Teasley, Deborah.
|
| 245 |
1 |
3 |
|a An examination of absenteeism in female nursing staff by measures of work, nonwork and role conflict /
|c by Deborah JoAnn Teasley.
|
| 264 |
|
1 |
|a [Place of publication not identified] :
|b [publisher not identified] ;
|c 1986.
|
| 300 |
|
|
|a xi, 129 leaves :
|b illustrations
|
| 336 |
|
|
|a text
|b txt
|2 rdacontent
|
| 337 |
|
|
|a microform
|b h
|2 rdamedia
|
| 338 |
|
|
|a microfiche
|b he
|2 rdacarrier
|
| 502 |
|
|
|b Ph. D
|c Texas A&M University
|d 1986.
|
| 500 |
|
|
|a Vita.
|
| 504 |
|
|
|a Bibliography: leaves 89-97.
|
| 533 |
|
|
|a Microfiche.
|b Eugene :
|c Microform Publications, College of Human Development and Performance, University of Oregon,
|d 1988.
|e 2 microfiches : negative ; 11 x 15 cm.
|
| 500 |
|
|
|a Microform.
|
| 650 |
|
0 |
|a Absenteeism (Labor)
|
| 650 |
|
0 |
|a Nurses
|x Job satisfaction.
|
| 650 |
|
0 |
|a Nurses
|x Psychology.
|
| 650 |
|
0 |
|a Role conflict.
|
| 999 |
|
|
|a MARS
|
| 999 |
f |
f |
|s b19798c1-8c92-30ae-87a2-fb48a8e74020
|i 22a198fa-0048-32f8-a839-34c60bf8e586
|t 0
|
| 952 |
f |
f |
|p default
|a Texas A&M University
|b College Station
|c Sterling C. Evans Library
|d Evans: Microforms (3rd floor)
|t 0
|e fiche C 10679
|h Other scheme
|i microform -- microfiche
|
| 998 |
f |
f |
|a fiche C 10679
|t 0
|l Evans: Microforms (3rd floor)
|